Isabel II reina de España

Sparad:
Bibliografiska uppgifter
Huvudupphovsman: Luz, Pierre de (autor)
Materialtyp: Bok
Språk:spanska
Publicerad: Buenos Aires, Argentina Juventud 1944
Ämnen:
Taggar: Lägg till en tagg
Inga taggar, Lägg till första taggen!

MARC

LEADER 00000nam a2200000 a 4500
001 UCI4263
003 CL-VaPUC
005 20210608140238.0
008 080111e19440000AG |||||||||||||||||spa|d
999 |c 328221  |d 328219 
040 |c Pontificia Universidad Católica de Valparaíso 
082 0 4 |a 946.072 DEL 1944  |2 21 
100 |a Luz, Pierre de  |e autor  |9 570612 
245 1 0 |a Isabel II reina de España 
260 |a Buenos Aires, Argentina  |b Juventud  |c 1944 
300 |a 259 páginas 
500 |a Donación Padres Capuchinos 
583 |a last modification  |c 20160829 04:40:31  |k Rodrigo Vera 
600 0 7 |a ISABEL II  |2 CL-VaPUC  |9 420970  |z ESPAÑA 
650 7 |a HISTORIA DE ESPAÑA  |2 CL-VaPUC  |9 391806  |y SIGLO 19 
852 |a BIBCUR 
942 |c BK  |2 ddc 
945 |d 20080111 00:00:00  |a rbrito 
952 |0 0  |1 0  |2 ddc  |4 0  |6 946_072000000000000_DEL_1944  |7 0  |8 X  |9 412022  |a FDOBUD  |b FDOBUD  |d 2019-11-22  |i 4401085  |o 946.072 DEL 1944  |p 4401085  |r 2019-11-22  |t 1  |w 2019-11-22  |y BK_X  |k BUD